000 00578nam a2200217Ia 4500
005 20250508165256.0
008 008 250505s9999 xx 000 0 eng d
020 _a978-81-316-0500-4
037 _aTextBook
040 _aFEDL
_beng
_cFEDL
041 _aeng
_2eng
084 _a301, WEB/R
_qFEDL
100 _aWeber Max
245 0 _aSociological writings
260 _aJaipur, India
_bRawat Publications
_c1994
300 _axxi, 321p.
365 _aINR
_b795
546 _aIndian Reprint in 2012
942 _cTB
_h301, WEB/R
999 _c1394188
_d1394188